| 000 | 00595nam a2200241 a 4500 | ||
|---|---|---|---|
| 001 | nice12345678 | ||
| 003 | IN_TiNIC | ||
| 005 | 20260116011255.0 | ||
| 008 | 050524s1891 loua grp 000 0 eng | ||
| 020 |
_a _c100 |
||
| 082 | 0 | 0 |
_a915.404035 _bBER |
| 100 | _aBerneir, Francois | ||
| 245 | _aTravel in the Mogul Empire | ||
| 260 |
_aLouisville _bWestminister Press _c1891 |
||
| 300 | _a497p | ||
| 500 | _aincludes index and biblioraphy | ||
| 505 | 2 | _aIndex | |
| 650 | _aIndia-Travel and Description | ||
| 700 | 1 | _aBerneir, Francois | |
| 902 | _bSRS | ||
| 942 | _cBK | ||
| 999 |
_c68 _d68 |
||